000
00294nam a22001337a 4500
008
170710b xxu||||| |||| 00| 0 eng d
020
_a
0852291671
041
_a
eng
080
_a
82
100
_a
22
101
_a
GJL
245
_a
THE GREAT IDEAS TODAY 1971
_c
HUTCHINS,R.M
942
_2
udc
_c
BK
999
_c
20151
_d
20151